| 000 | 00460nam a2200169 a 4500 | ||
|---|---|---|---|
| 001 | 1248 | ||
| 003 | CDMR | ||
| 005 | 20130320095356.0 | ||
| 008 | 130130s1997||||||||||||||||||||||||||||d | ||
| 020 | _a8489727368 | ||
| 040 |
_aCDMR _bcat _cCPC LLEIDA |
||
| 245 | 1 | 0 |
_aEstudios de literatura medieval _ced. Julián Acebrón Ruiz |
| 260 |
_aLleida _c1997 _bUniversitat de Lleida |
||
| 490 | 0 |
_aScriptura _v13 |
|
| 700 | 1 |
_9970 _aAcebrón, Julián _eed. |
|
| 942 |
_cMON _2udc |
||
| 999 |
_c1248 _d1248 |
||